[Event "AUT-ch"]
[White "Weilguni, Johann"]
[Black "Schwabeneder, Florian"]
[Site "Zwettl"]
[Round "7"]
[Result "0-1"]
[Date "2012.07.27"]
[WhiteElo "2167"]
[BlackElo "2266"]
[PlyCount "52"]
[EventDate "2012.07.21"]
[EventType "swiss"]
[EventRounds "9"]
[EventCountry "AUT"]
[SourceTitle "CBM 149 Extra"]
[Source "ChessBase"]
[SourceDate "2012.08.24"]
[SourceVersion "1"]
[SourceVersionDate "2012.08.24"]
[SourceQuality "1"]

1. d4 Nf6 2. Nf3 d6 3. g3 Nbd7 4. Bg2 e5 5. dxe5 dxe5 6. 0-0 Bc5 7. a3 a5 8. c4 0-0 9. Nc3 Re8 10. e4 c6 11. Qe2 a4 12. Be3 Bxe3 13. Qxe3 Qe7 14. Bh3 Nc5 15. Bxc8 Raxc8 16. Kg2 Nfd7 17. Nh4 g6 18. Rad1 Nb6 19. Qe2 Qe6 20. Rc1 Nb3 21. Rcd1 Ra8 22. f4 exf4 23. Rxf4 Rad8 24. Nf3 Rxd1 25. Qxd1 Nxc4 26. Qe2 Nc1 0-1

[Event "AUT-ch"]
[White "Gratze, Michael"]
[Black "Weilguni, Johann"]
[Site "Zwettl"]
[Round "3"]
[Result "0-1"]
[Date "2012.07.23"]
[WhiteElo "2020"]
[BlackElo "2167"]
[PlyCount "78"]
[EventDate "2012.07.21"]
[EventType "swiss"]
[EventRounds "9"]
[EventCountry "AUT"]
[SourceTitle "CBM 149 Extra"]
[Source "ChessBase"]
[SourceDate "2012.08.24"]
[SourceVersion "1"]
[SourceVersionDate "2012.08.24"]
[SourceQuality "1"]

1. d4 d5 2. c4 c6 3. Nf3 Nf6 4. Nc3 e6 5. Bg5 dxc4 6. e4 b5 7. e5 h6 8. Bh4 g5 9. Nxg5 hxg5 10. Bxg5 Nbd7 11. exf6 Bb7 12. g3 c5 13. d5 Qb6 14. Bg2 0-0-0 15. 0-0 b4 16. Rb1 Bh6 17. Bxh6 Rxh6 18. b3 bxc3 19. bxc4 Qa6 20. Rxb7 Qxb7 21. dxe6 Qc7 22. exd7+ Qxd7 23. Qf3 Qc7 24. Qa8+ Qb8 25. Qc6+ Qc7 26. Qa6+ Kd7 27. Qb5+ Ke6 28. Qb3 Qe5 29. Bd5+ Kxf6 30. Qb7 Rf8 31. Qxa7 Qd4 32. Re1 Kg7 33. Qe7 Rf6 34. Qe3 Rb8 35. Qg5+ Kf8 36. Re3 Rb1+ 37. Kg2 Rb2 38. Bf3 c2 39. Qh5 Qxe3 0-1